Central Library OPAC University of Rajshahi

Writing gender history / (Record no. 64502)

MARC details
000 -LEADER
fixed length control field 00657nam a2200241 a 4500
001 - CONTROL NUMBER
control field 64502
003 - CONTROL NUMBER IDENTIFIER
rucl marc code BD-RjUL
005 - DATE AND TIME OF LATEST TRANSACTION
control field 20211209081321.0
008 - FIXED-LENGTH DATA ELEMENTS--GENERAL INFORMATION
fixed length control field 170215s2004 fr ||||| |||| 001 0 eng d
020 ## - INTERNATIONAL STANDARD BOOK NUMBER
International Standard Book Number 0340807962
International Standard Book Number 9780340807965
035 ## - SYSTEM CONTROL NUMBER
System control number (BD-RjUL)64632
040 ## - CATALOGING SOURCE
Original cataloging agency BD-RjUL
Language of cataloging eng
Transcribing agency BD-RjUL
Modifying agency BD-RjUL
041 ## - LANGUAGE CODE
Language code of text/sound track or separate title eng
082 ## - DEWEY DECIMAL CLASSIFICATION NUMBER
Edition number 23
Classification number 305.40722
Author mark and year DOW 2004
100 1# - MAIN ENTRY--PERSONAL NAME
Personal name Downs, Laura Lee
9 (RLIN) 191345
245 01 - TITLE STATEMENT
Title Writing gender history /
Statement of responsibility, etc. Laura Lee Downs
260 ## - PUBLICATION, DISTRIBUTION, ETC. (IMPRINT)
Place of publication, distribution, etc. London :
Name of publisher, distributor, etc. Hodder Arnold,
Date of publication, distribution, etc. 2004.
300 ## - PHYSICAL DESCRIPTION
Pagination X, 209 p. ;
Size 23 cm.
500 ## - GENERAL NOTE
General note Includes index
650 ## - SUBJECT ADDED ENTRY--TOPICAL TERM
Topical term or geographic name as entry element Women
General subdivision Historiography.
9 (RLIN) 191346
942 ## - ADDED ENTRY ELEMENTS (KOHA)
Source of classification or shelving scheme Dewey Decimal Classification
Koha item type Books
Holdings
Lost status Source of classification or shelving scheme Damaged status Not for loan Collection code Permanent Location Current Location Shelving location Date acquired Source of acquisition Cost, normal purchase price Total Checkouts Full call number Date last seen Copy number Koha item type
  Dewey Decimal Classification   Not For Loan Non-fiction Central Library, University of Rajshahi Central Library, University of Rajshahi Reading Room 24/06/2009 Dhaka, Ahsamia mission book : house 1892.01   305.40722 DOW 2004 15/02/2017 C-1 Books
  Dewey Decimal Classification     Non-fiction Central Library, University of Rajshahi Central Library, University of Rajshahi   24/06/2009 Dhaka, Ahsamia mission book : house 1892.01   305.40722 DOW 2004 16/02/2017 C-2 Books